000 00295nam a22001337a 4500
008 170616b xxu||||| |||| 00| 0 eng d
020 _a9780801476037
041 _aeng
080 _a94(4)
100 _a18
101 _aSHH
245 _aWINDOW ON THE EASTB
_cGERACI.R.P
942 _2udc
_cBK
999 _c17862
_d17862